La vida y nuestro cuerpo / (Registro nro. 11375)

Detalles MARC
000 -LIDER
fixed length control field 00414cam a22001573a 4500
001 - NÚMERO DE CONTROL
Identificador de número de control 0000672
003 - IDENTIFICACDOR DE NÚMERO DE CONTROL
control field DO-SdBNP
005 - DATE AND TIME OF LATEST TRANSACTION
control field 20180207112601.0
008 - ELEMENTOS DE LONGITUD FIJA
fixed length control field 180207b xxu||||| |||| 00| 0 spa d
020 ## - ISBN
International Standard Book Number 997262546X
040 ## - FUENTE DE CATALOGACIÓN
Agencia que crea de manera original el registro BPMSU
Idioma de catalogación spa
Agencia que realiza la transcripción BPMSU
245 03 - MENCIÓN DE TITULO
Título La vida y nuestro cuerpo /
260 ## - PUBLICACIÓN, DISTRIBUCIÓN, ETC. (PIE DE IMPRENTA)
Lugar de publicación, distribución, etc Barcelona :
Nombre del editor, distribuidor, etc. Lexus,
-- Thema equipo editorial,
Fecha de publicación, distribución, etc 2006.
942 ## - ADDED ENTRY ELEMENTS (KOHA)
Source of classification or shelving scheme Dewey Decimal Classification
Koha item type Libros
945 ## - INFORMACIÓN DE PROCESAMIENTO LOCAL
Información de procesamiento local inventariado, 2018 / dg
Existencias
Withdrawn status Lost status Source of classification or shelving scheme Damaged status Not for loan Home library Current library Date acquired Source of acquisition Cost, normal purchase price Total Checkouts Barcode Date last seen Price effective from Koha item type
    Dewey Decimal Classification     Biblioteca Pública Metropolitana Salomé Ureña Biblioteca Pública Metropolitana Salomé Ureña 09/14/2016 Compra 1050.00   BPMSU16090276 09/14/2016 09/14/2016 Libros